Piłkarze AS Romy - nagła śmierć - Statystyki

Ogólne statystyki
  • Ten quiz został rozwiązany 206 razy
  • Średni wynik to 12 z 19
Answers on the Grid
Answers color-coded by a green-red scale on the quiz's grid according to % correct below.
Mohamed Salah
Lamine Yamal
Paulo Dybala
Daniele De Rossi
Lionel Messi
Diego Costa
Nicola Zalewski
Kevin De Bruyne
Wojciech Szczęsny
Jesús Navas
Romelu Lukaku
Alisson
Luis Suárez
Marquinhos
Arjen Robben
Nuri Şahin
Mats Hummels
Martín Demichelis
Pablo Zabaleta
Łukasz Skorupski
Mateusz Klich
Francesco Totti
Kamil Glik
Bas Dost
Cafu
Luca Toni
Gaël Clichy
Fernandinho
Zbigniew Boniek
Kazimierz Deyna
Kamil Grabara
Henrikh Mkhitaryan
Eden Hazard
Patrik Schick
Ashley Cole
Grzegorz Lato
Radja Nainggolan
Nicolò Zaniolo
Thierry Henry
Willy Boly
 
Statystyki odpowiedzi
Odpowiedź % Poprawnych
Mohamed Salah
97%
Paulo Dybala
93%
Daniele De Rossi
92%
Nicola Zalewski
92%
Wojciech Szczęsny
88%
Alisson
82%
Francesco Totti
76%
Radja Nainggolan
71%
Romelu Lukaku
68%
Nicolò Zaniolo
66%
Mats Hummels
60%
Łukasz Skorupski
58%
Zbigniew Boniek
55%
Henrikh Mkhitaryan
52%
Patrik Schick
45%
Marquinhos
39%
Cafu
36%
Ashley Cole
31%
Luca Toni
28%
Nie znaleziono quizów pasujących do podanych kryteriów
Rozkład punktacji
Procent ludzi z każdym wynikiem
Percentyl według liczby udzielonych odpowiedzi
Twoja historia wyników
Nie rozwiązałeś tego quizu